| 000 | 00804nam a22002177a 4500 | ||
|---|---|---|---|
| 999 |
_c20617 _d20617 |
||
| 003 | AR-CdUCM | ||
| 008 | 190531b ||||| |||| 00| 0 spa d | ||
| 040 |
_aMUNICIPALIDAD PROVINCIAL DEL CUSCO _cBIBLIOTECA MUNICIPAL DEL CUSCO |
||
| 082 |
_a929.285 / _bB96 |
||
| 100 |
_aBustamante de la Fuente, Manuel J _943084 |
||
| 245 | _aMis ascendientes / | ||
| 260 |
_aLima : _bTorres Aguirre, _c1955. |
||
| 300 |
_a717 páginas ; _c25 cm. |
||
| 500 | _a"Edición privada", libro reempastado | ||
| 505 | _aContenido : Los Bustamante -- Capitán Juan de la Fuente y Haro -- Coronel don José Alonso Diaz de Barreda y Barreda... | ||
| 650 |
_aGenealógica _943085 |
||
| 650 |
_aPersonajes de gran relieve histórico _943086 |
||
| 650 |
_aFundadores de Arequipa _943087 |
||
| 942 |
_2ddc _cLIBROS |
||
| 945 | _aandy | ||